000 01327nam0a2200349 4500
001 RU\NLR\bibl\371119
005 20250621163554.0
010 _a5-93739-026-1
021 _aRU
_b2003-23348
_91089
035 _a(NLR Aleph) 000365655
090 _a363498
_c363498
100 _a20030226d2001 |||y0rusy50 ca
101 1 _arus
_cger
102 _aRU
105 _aa |||||||||
200 1 _aЦветы на балконе и террасе
_fЭрнст Драйзер
_g[Пер. с нем. В. Чекмарева]
210 _aМ.
_cКристина - новый век
_d2001
215 _a155 с.
_cил., цв. ил.
_d22
225 1 _aБиблиотека садовода
320 _aПредм. указ.: с. 152-155
606 0 _aЦветочные культуры для балкона
_91115012
_3RU\NLR\auth\66440950
606 0 _aЦветочные культуры
_xИспользование для озеленения балконов
_92235503
_3RU\NLR\auth\661341629
606 0 _aПриусадебное цветоводство
_91961310
_3RU\NLR\auth\66897824
686 _aП274,1
686 _aП271
700 1 _aДайзер
_bЭ.
_gЭрнст
_4070
801 0 _aRU
_bNLR
_c20030226
_gPSBO
801 1 _aRU
_bNLR
_c20030226
942 _cBOOK
980 _aNB